• 首页
  • 本馆介绍
  • 公告通知
  • 最新文献
  • 馆藏检索
  • 电子资源
  • 读者导购
  • 参考咨询
  • 我的图书馆
  • 登录
  • 详细信息显示
  • 放入我的书架
  • 预约/预借图书
  • 作者相关作品
  • 分类相关作品
  • 丛书相关作品
  • 出版社相关作品

书目信息

  • 表格格式
  • 工作单格式
  • 卡片格式
题名:
饮用水深度处理技术
    
 
作者: 张金松 , 刘丽君 编著
分册:  
出版信息: 北京   中国建筑工业出版社  2017
页数: 385页
开本: 27cm
丛书名: 水体污染控制与治理科技重大专项
单 册:
中图分类: TU991.25 , TU991.2
科图分类:
主题词: 饮用水--给水处理
电子资源:
ISBN: 978-7-112-19529-9
000 01472nam 2200289 450
001 2367175578
005 20231202183950.05
010    @a978-7-112-19529-9@b精装@dCNY98.00
100    @a20170822d2017 em y0chiy50 ea
101 0  @achi
102    @aCN@b110000
105    @aak a 000yy
200 1  @a饮用水深度处理技术@Ayin yong shui shen du chu li ji shu@f张金松, 刘丽君等编著
210    @a北京@c中国建筑工业出版社@d2017
215    @a385页@c图@d27cm
225 2  @a水体污染控制与治理科技重大专项@Ashui ti wu ran kong zhi yu zhi li ke ji zhong da zhuan xiang
300    @a“十二五”国家重点图书
320    @a有书目 (第372-385页)
330    @a本书为“十二五”国家重点图书水体污染控制与治理科技重大专项研究成果之一。研究选择根据不同地区的特点, 选择长江流域、黄河流域、珠江流域开展饮用水深度处理应用技术研究, 重点针对臭氧-活性炭工艺的设计与运行管理、副产物控制、生物风险控制等问题开展研究, 形成了一批应用型成果, 并通过示范工程得到了推广和应用。本书对上述成果进行了总结和提炼, 具体包括臭氧-活性炭工艺设计与优化、臭氧-活性炭与其它工艺的组合、臭氧化副产物控制、臭氧-活性炭工艺生物风险控制等四个方面, 最后通过案例的形式, 对深度处理技术成果进行了具体展示, 对成果的推广应用情况进行了总结。
410  0 @12001 @a水体污染控制与治理科技重大专项
606 0  @a饮用水@x给水处理
690    @aTU991.25@v5
690    @aTU991.2@v4
701  0 @a张金松@Azhang jin song@4编著
701  0 @a刘丽君@Aliu li jun@4编著
801  0 @aCN@b湖北三新@c20170822
905    @aZUCC@dTU991.2@e8
    
    饮用水深度处理技术/张金松, 刘丽君等编著.-北京:中国建筑工业出版社,2017
    385页:图;27cm.-(水体污染控制与治理科技重大专项)
    “十二五”国家重点图书
    
    ISBN 978-7-112-19529-9(精装):CNY98.00
    本书为“十二五”国家重点图书水体污染控制与治理科技重大专项研究成果之一。研究选择根据不同地区的特点, 选择长江流域、黄河流域、珠江流域开展饮用水深度处理应用技术研究, 重点针对臭氧-活性炭工艺的设计与运行管理、副产物控制、生物风险控制等问题开展研究, 形成了一批应用型成果, 并通过示范工程得到了推广和应用。本书对上述成果进行了总结和提炼, 具体包括臭氧-活性炭工艺设计与优化、臭氧-活性炭与其它工艺的组合、臭氧化副产物控制、臭氧-活性炭工艺生物风险控制等四个方面, 最后通过案例的形式, 对深度处理技术成果进行了具体展示, 对成果的推广应用情况进行了总结。
●
相关链接 在五车中查询图书 在当当中查询图书 在豆瓣中查询图书


正题名:饮用水深度处理技术     索取号:TU991.2/8         预约/预借

序号 登录号 条形码 馆藏地/架位号 状态 备注
1 2001302679   2001302679   320书库/ [索取号:TU991.2/8] 在馆    
2 2001302680   2001302680   213主题书屋/213室1架1层3列/ [索取号:TU991.2/8] 在馆    
3 2001302681   2001302681   213主题书屋/213室1架1层3列/ [索取号:TU991.2/8] 在馆    
4 2001302682   2001302682   213主题书屋/213室1架1层3列/ [索取号:TU991.2/8] 在馆    
5 2001302683   2001302683   213主题书屋/213室1架1层3列/ [索取号:TU991.2/8] 在馆    
6 2001302684   2001302684   320书库/ [索取号:TU991.2/8] 在馆    
7 2001302685   2001302685   320书库/ [索取号:TU991.2/8] 在馆    
8 2001302686   2001302686   320书库/ [索取号:TU991.2/8] 在馆    
9 2001302687   2001302687   320书库/ [索取号:TU991.2/8] 在馆    
10 2001302688   2001302688   320书库/ [索取号:TU991.2/8] 在馆    
11 2001302689   2001302689   213主题书屋/213室1架1层3列/ [索取号:TU991.2/8] 在馆    
12 2001302690   2001302690   213主题书屋/213室1架1层3列/ [索取号:TU991.2/8] 在馆    
13 2001302691   2001302691   320书库/ [索取号:TU991.2/8] 在馆    
14 2001302692   2001302692   320书库/ [索取号:TU991.2/8] 在馆    
15 2001302693   2001302693   320书库/ [索取号:TU991.2/8] 在馆    
16 2001311947   2001311947   三新/湖北三新(第三批)/1000/ [索取号:TU991.2/8] 在馆    
17 2001311948   2001311948   三新/湖北三新(第三批)/1000/ [索取号:TU991.2/8] 在馆    
18 2001311949   2001311949   三新/湖北三新(第三批)/1000/ [索取号:TU991.2/8] 在馆    
19 2001311950   2001311950   三新/湖北三新(第三批)/1000/ [索取号:TU991.2/8] 在馆    
20 2001311951   2001311951   三新/湖北三新(第三批)/1000/ [索取号:TU991.2/8] 在馆    
21 2001311952   2001311952   三新/湖北三新(第三批)/1000/ [索取号:TU991.2/8] 在馆    
22 2001311953   2001311953   三新/湖北三新(第三批)/1000/ [索取号:TU991.2/8] 在馆    
23 2001311954   2001311954   三新/湖北三新(第三批)/1000/ [索取号:TU991.2/8] 在馆    
24 2001311955   2001311955   三新/湖北三新(第三批)/1000/ [索取号:TU991.2/8] 在馆    
25 2001311956   2001311956   三新/湖北三新(第三批)/1000/ [索取号:TU991.2/8] 在馆    
26 2001311957   2001311957   三新/湖北三新(第三批)/1000/ [索取号:TU991.2/8] 在馆    
27 2001311958   2001311958   三新/湖北三新(第三批)/1000/ [索取号:TU991.2/8] 在馆    
28 2001311959   2001311959   三新/湖北三新(第三批)/1000/ [索取号:TU991.2/8] 在馆    
29 2001311960   2001311960   三新/湖北三新(第三批)/1000/ [索取号:TU991.2/8] 在馆    
30 2001311961   2001311961   三新/湖北三新(第三批)/1000/ [索取号:TU991.2/8] 在馆    
山东省滨州职业学院图书馆 欢迎您!
大连网信软件有限公司© 版权所有